000 00606nam a22001937a 4500
005 20170117121400.0
010 _a ENG-117092
020 _a9789350502464
_c1100.00
035 _aEN-100624
037 _bDBAD/PUB
082 _a398.95411
245 _aBhand Pather:
_cedited by Sushma Jatoo [and] Sudhir Lall
_bthe folk theatre of Kashmir /
260 _bB.R. Publishing
_c2016
_aDelhi
270 _a425,Nimri Colony,Ashok Vihar,Phase-IV
_bDelhi
_e110052
300 _a115p. :
_c18cm(Hb)
_bill
700 _aJatoo,Sushma
700 _aSudhir Lall
942 _2ddc
_cEN
_h398.95411
_mJAT
999 _c105869
_d105869